Visualizzazione normale
Vista MARC
- Mogol (Rapetti Giulio)
di Personal Name
Records bibliografici associati: 1
001 - CONTROL NUMBER
- control field: 12761
003 - CONTROL NUMBER IDENTIFIER
- control field: IT-RoPau
005 - DATE AND TIME OF LATEST TRANSACTION
- control field: 20140207171208.0
008 - FIXED-LENGTH DATA ELEMENTS
- fixed length control field: 140207|| aca||aabn | a|a d
040 ## - CATALOGING SOURCE
- Original cataloging agency: IT-RoPau
- Transcribing agency: IT-RoPau
100 ## - HEADING--PERSONAL NAME
- Personal name: Mogol (Rapetti Giulio)
- Miscellaneous information: Codice autore testo/musica SPICS: 13643
- Relator term: Autore musica
- Name of part/section of a work: Nonostante lei
670 ## - SOURCE DATA FOUND
- Source citation: Work cat.: (IT-RoPau)99946: AA.VV. 794, Eccezionale Iva-Le più belle canzoni di Iva Zanicchi